Регионална библиотека "Любен Каравелов" - Русе

Буран (Запис номер 107402)

MARC детайли
000 -Лидер
Контролно поле с фиксирана дължина 01779nam a2200385 c 4500
003 - Код на организацията, давaща контролен номер
Контролно поле BLK
005 - Дата и час на последна редакция
Контролно поле 20180420230501.0
008 - Елементи от данни с фиксирана дължина
fixed length control field 180409b bul|||||r ||||||| ||bul||
010 ## - Наследен системен номер
LC control number KNG00112690000
040 ## - Източник на каталожния запис
Идентификатор на билиотеката - собственик на записа BLK
041 ## - Код за език
Код за езика на текст/звукозапис или на отделно заглавие Български
Код за езика КДБФ Български
080 ## - УДК
Текстов определител УДК Въздушно-космически апарати - крилати (управляеми апарати, извършващи полен в пределите на атмосферата, влизащи в орбита и връщащи се на Земята)
УДК код - определител по УДК 629.782
УДК определител (47+57)(091)
УДК - код + определител 629.782(47+57)(091)
080 ## - УДК
Текстов определител УДК Ракети-носители за изстрелване на космически апарати
УДК код - определител по УДК 629.764
УДК определител (47+57)(091)
УДК - код + определител 629.764(47+57)(091)
100 1# - Редна дума - Автор
Автор Кънев, Тони
Авторска отговорност първи автор
R(LIN) 310909
139 ## - Редно поле
Редна дума Кънев, Тони
Авторски знак Към - К 96
245 10 - Сведения за заглавието
Заглавие Буран
Подзаглавни данни Ракетнокосм. система за многократно използване "Енергия - Буран"
Редно поле (дума) Тони Кънев.
257 ## - Страна на издаване
Страна на създаване/издаване България
260 ## - Област на издателските данни
-- София
Име на издателя, разпространителя и проч. Еър груп 2000
Година на издаване 2002
300 ## - Физическа характеристика
Страници 31 с.
Илюстрации и др. с ил.
Размери/Мащаб 23 см
380 ## - Жанр
Жанр Техника
490 1# - СЕРИИ (Колекции)
Име на серия Библиотека Криле
№: серия 52
490 1# - СЕРИИ (Колекции)
-- Подсерия
Име на серия Космическа техника
500 ## - Общи забележки
Забележка Кор. Буран - триумф и трагедия. - Офс. изд.
650 #4 - Допълнително описание по предмет – тема
Основно описание – тема или топоним Космически летателни апарати - СССР - история
9 (RLIN) 290064
653 ## - Ключова дума – ненормативна
Ключова дума космически кораби
653 ## - Ключова дума – ненормативна
Ключова дума СССР
653 ## - Ключова дума – ненормативна
Ключова дума история
653 ## - Ключова дума – ненормативна
Ключова дума Буран
653 ## - Ключова дума – ненормативна
Ключова дума ракетоносители
852 ## - Местоположение
Форматна сигнатура Цб 219250
856 4# - Електронен адрес и достъп
Електронен формат pdf - файл
Път до файла /url/
856 4# - Електронен адрес и достъп
Електронен формат pdf - файл
Път до файла /url/
942 ## - АРТИКУЛИ
Вид на библиотечния материал Книги
Скрит в OPAC Не
944 ## - СЪЗДАВАНЕ И РЕДАКЦИЯ на ЗАПИСА
Създаване/Редакция Създаване
Дата на регистрацията/редакция 29.04.2004
Служител, извършил регистрацията/редакцията Людмила_Стоянова
944 ## - СЪЗДАВАНЕ И РЕДАКЦИЯ на ЗАПИСА
Създаване/Редакция Редакция
Дата на регистрацията/редакция 17.05.2004
Служител, извършил регистрацията/редакцията
999 ## - СИСТЕМНИ КОНТРОЛНИ НОМЕРА
Koha biblionumber 107402
Koha biblioitemnumber 107402
Наличности
Код за отписване Код за изгубен артикул Код за повреда Коз за рестрикции Код за отдаване Артикулен № Име на библиотеката - собственик Име на библиотеката, в която се намира в момента Статус (Текущо местоположение) Дата на вписване в системата Местоположение - отдел Цена в лева Инвентарен номер Систематично азбучна сигнатура Баркод Номер на екземпляра Цена в евро Служебна бележка Служебен тип на артикула
  Не е изгубен Не е повреден без рестрикции ползва се в читалня 173303 Регионална библиотека "Любен Каравелов" Русе Регионална библиотека "Любен Каравелов" Русе Хранилище 2004-04-29 Хранилище 2.00 120000684993 Цб 219250 120000684993 1 1.02 Дост: Dp Вид: Д N: 25 Дата: 11.06.2003 Книги
Vip Innovations Ltd, Rousse, Bulgaria 2025